006740000a22001450004500090001400000245013800014041001300152500004500165700003300210100002700243942001300270773005400283999001700337952017400354 aARb0412510aOn the genus Copris Müller, 1764sdefinition and phylogenetic survey of the Afrotropical species -groups (Coleoptera: Scarabaeidae)0 aInglés a1 aNguyen Phung, Therese9980371 aCambefort, Yves912859 cARTICULO1 tJournal of African Zoologyh4q271-289d1996g110 c13223d13223 001040718HEMEROTECAaBogotabBogotad2006-10-25eTrujillo, DiegohFuera de circulaciónl0oAR 04125p023544r2015-03-25 00:00:00t1w2015-03-25xEntregadoyARTICULO